00664nam a22001937a 4500003000900000008004100009020002200050040007100072082002300143110002300166245006300189260003900252300002700291650002500318650002100343650001500364700004900379710004200428AR-CdUCM190426b ||||| |||| 00| 0 spa d a978-607-618-236-9 aMUNICIPALIDAD PROVINCIAL DEL CUSCOcBIBLIOTECA MUNICIPAL DEL CUSCO aPI / 376.1 /bES92 aAdvanced Marketing aLas estaciones :bPrimavera, Verano, Otoño y Invierno / aMéxico :bSilver Dolphin,c2014. bilustraciones,c25 cm. aAprendizaje infantil aPrimera infancia aDesarrollo aCaballero del Moral, Samantha (traducción) aAdvanced Marketing S. de R.L. de C.V.